000 00821nam a2200241Ia 4500
008 161112s9999 xx 000 0 und d
020 _a978-1-84476-403-7
050 _aCUL TX 795
050 _b.F37 2007
100 _aFarrow, Joanna.
245 0 _aGetting great results from your ice cream machine :
245 0 _bsimple ways to create fabulous iced desserts, with more than 80 step-by-step recipes shown in over 550 stunning photographs /
245 0 _cJoanna Farrow and Sara Lewis; photography by Gus Filgate, William Lingwood and Craig Robertson.
260 _aLondon :
260 _bSouthwater,
260 _c2007
300 _a160 pages :
300 _bcolor illustrations ;
300 _c30 cm.
500 _aIncludes index.
650 _aIce cream, ices, etc.
650 _xIce cream freezers.
999 _c305221
_d305221